Datum a čas kvízu

16.5 Celkem bodů Celkový počet nahraných bodů na tomto kvízu bez doplňovacích otázek.
8. Pořadí na kvízu Konečné umístění týmu na tomto kvízu.

Zaznamenané odpovědi

# Otázka Odpověď Body Výsledky
1. Sněmovna schválila minulý týde... tři přihlášky 1
2. Poměrně neobvyklé záběry se do... ve Španělsku 0
3. Ve čtvrtek měl v Hudebním diva... Anděl Páně 1
4. Kopřivnická Tatra představila... vodík 0
5. Které dvě země se utkaly v sob... Jihoafrická republika, Nový Zéland 0
6. Naše téma nezačneme v kurníku,... Fabergého vejce 1
7. Barvíte velikonoční vajíčka? T... 1A 2C 3D 4B 0
8. Která z vajec na obrázku snesl... B 1
9. Napište název americké romanti... 50x a stále poprvé 0
10. Vyberte nepravdivé tvrzení. C 1